| 000 | 00684nam a22001937a 4500 | ||
|---|---|---|---|
| 999 |
_c4496 _d4496 |
||
| 001 | 12528 | ||
| 003 | BD-DhUAP | ||
| 005 | 20201111152746.0 | ||
| 008 | 201111s2007 bg ||||| |||| 00| 0 ben d | ||
| 020 | _a9841315637 | ||
| 040 |
_aBD-DhUAP _bBen _cBD-DhUAP _dBD-DhUAP |
||
| 082 |
_223 _a891.4409 HAL |
||
| 100 | _aহালদার, গোপাল। | ||
| 245 |
_aবাঙ্লা সাহিত্যের রূপরেখা / _cগোপাল হালদার। |
||
| 260 |
_aঢাকা : _bমুক্তধারা, _c২০০৭। |
||
| 300 |
_a২৩৬ পৃষ্ঠা ; _c২২ সেমি.। |
||
| 650 |
_aBengali literature _vhistory. |
||
| 942 |
_2ddc _cBK |
||